Política tributaria y planificación del desarrollo

Gardado en:
Detalles Bibliográficos
Formato: Texto
Publicado: San José: s. e.
Materias:
Etiquetas: Engadir etiqueta
Sen Etiquetas, Sexa o primeiro en etiquetar este rexistro!

MARC

LEADER 00000 a a2200000 04500
001 28854
003
040
090 |a 190000  
245 |a Política tributaria y planificación del desarrollo  
260 |a San José:   |b s. e.  
300 |a 38 h  
650 |a POLITICA FISCAL  
650 |a MODELOS ECONOMICOS  
650 |a POLITICA ECONOMICA  
650 |a REFORMA TRIBUTARIA  
999 |c 15709  |d 15709